| 000 | 02040nam0a2200349 4500 | ||
|---|---|---|---|
| 001 | RU\NLR\BIBL_A\011379838 | ||
| 005 | 20260407232658.0 | ||
| 010 |
_a9785806423260 _9100 |
||
| 021 |
_aRU _b2017-22520 _91675 |
||
| 035 | _a(RuMoRGB)008841393 | ||
| 035 | _a(NLR Aleph) 011379838 | ||
| 090 |
_a11395029 _c11395029 |
||
| 100 | _a20170502d2016 u y0rusy50 ca | ||
| 101 | 0 | _arus | |
| 102 | _aRU | ||
| 105 | _aa j 000zy | ||
| 200 | 1 |
_aГандбол _eучебное пособие _fРоссийский государственный педагогический университет им. А. И. Герцена, Управление развитием воспитательной деятельности, Студенческий спортивный клуб _g[С. Л. Фетисова и др.] _gпод редакцией С. Л. Фетисовой, А. М. Фокина |
|
| 210 |
_aСанкт-Петербург _cИзд-во РГПУ _d2016 |
||
| 215 |
_a107 с. _cил., табл. _d21 |
||
| 225 | 1 | _aПрограмма развития деятельности студенческих объединений "Инициатива - действие - успех" | |
| 320 | _aБиблиогр.: с. 106 (8 назв.) | ||
| 606 |
_aГандбол _jУчебные издания для высших учебных заведений _91352068 _3RU\NLR\AUTH\66250141 |
||
| 686 |
_aЧ515.761.462.4я73-1 _2rubbk |
||
| 686 | 1 | _aЧ515.76я73 | |
| 702 | 1 |
_aФетисова _bС. Л. _gСветлана Лаврентьевна _4220 _4340 |
|
| 712 | 0 | 2 |
_4570 _aРоссийский государственный педагогический университет им. А. И. Герцена _cСанкт-Петербург _bУправление развитием воспитательной деятельности _3RU\NLR\AUTH\8810158633 _9812724 |
| 942 | _cBOOK | ||
| 980 | _aNBR | ||